Normal view MARC view

Entry Nome pessoal

Number of records used in: 1

001 - NÚMERO DE CONTROLE

  • campo de controle: 565

003 - IDENTIFICADOR DO NÚMERO DE CONTROLE

  • campo de controle: Br

005 - DATA E HORÁRIO DA ÚLTIMA TRANSAÇÃO

  • campo de controle: 20250318111619.0

008 - CAMPO DE DADOS FIXOS

  • campo de controle de tamanho fixo: 100607|| acnacaban aaaa d

035 ## - NÚMERO DE CONTROLE DO SISTEMA

  • Número de Controle do Sistema: 2010060714551854med

040 ## - FONTE DA CATALOGAÇÃO

  • Instituição da catalogação original: blrjbn
  • Instituição que transcreveu o registro: blrjbn

100 1# - CABEÇALHO--NOME PESSOAL

  • Nome pessoal: Alexandre, Vanessa,
  • Datas associadas ao nome: 1982-

400 1# - REMISSIVA VER--NOME PESSOAL

  • Nome pessoal: Pacheco, Vanessa Alexandre da Silva
  • Datas associadas ao nome: 1982-

400 1# - REMISSIVA VER--NOME PESSOAL

  • Nome pessoal: Silva Pacheco, Vanessa Alexandre da
  • Datas associadas ao nome: 1982-

670 ## - FONTE POSITIVA DOS DADOS

  • Citação da fonte positiva dos dados: Sec. de: Oliveira, Adriano Messias de. Antes de Colombo chegar... 2009
  • Dados encontrados na fonte localizada no subcampo: (orelha: ilustradora)

670 ## - FONTE POSITIVA DOS DADOS

  • Citação da fonte positiva dos dados: http://authorities.loc.gov 29/3/2016
  • Dados encontrados na fonte localizada no subcampo: (escritora e ilustradora)

670 ## - FONTE POSITIVA DOS DADOS

  • Citação da fonte positiva dos dados: Inf. da autora
  • Dados encontrados na fonte localizada no subcampo: (d.n.: 20/07/1982, em São Paulo; n.c.)

Powered by Koha